000 01335cam a2200337 i 4500
001 14585573
003 EG-ScBUE
005 20241118105724.0
008 061006s2006 enka f f001 0 eng d
020 _a0521850681
020 _a9780521850681
040 _aDLC
_beng
_erda
_cDLC
_dDLC
_dEG-ScBUE
082 0 4 _222
_a519.4028553042
_bGUI
245 0 2 _aA guide to MATLAB :
_bfor beginners and experienced users /
_cBrian R. Hunt [and five others]
250 _aSecond edition.
264 1 _aCambridge ;
_aNew York :
_bCambridge University Press,
_c2006.
300 _axv, 311 pages :
_billustrations ;
_c26 cm
336 _2rdacontent
_atext
_btxt
337 _aunmediated
_2rdamedia
_bn
338 _avolume
_bnc
_2rdacarrier
500 _a"Updated for MATLAB 7 and Simulink 6."
500 _aIncludes index.
630 0 7 _aMATLAB.
_2BUEsh
_9826
650 7 _aNumerical analysis
_xData processing.
_2BUEsh
_911374
653 _bCOMSCI
_bGGEN
_cMarch2018
700 1 _aHunt, Brian R.,
_eauthor.
856 4 2 _3Publisher description
_uhttp://www.loc.gov/catdir/enhancements/fy0702/2006284264-d.html
856 4 1 _3Table of contents only
_uhttp://www.loc.gov/catdir/enhancements/fy0702/2006284264-t.html
856 4 2 _3Contributor biographical information
_uhttp://www.loc.gov/catdir/enhancements/fy0733/2006284264-b.html
942 _2ddc
_cBB
999 _c26385
_d26357